LEADER 00984nam a2200217 i 4500 001 000000254715 003 CaOOAMICUS 005 20170616000000.0 008 170616s1848 it u000 u ita u 013 $a233620 040 $aSeMil$bita 100 1 $aBalbo, Cesare,$d<1789-1853>.$0(OLS)http://semarc/name/8229 245 10$aDella storia d'Italia dalle origini fino all'anno 1814 :$bsommario /$cdi Cesare Balbo. 250 $a4. ed. fatta sulla prima compiuta, copiosamente corretta ed ampliata. 260 $aLosanna :$bS. Bonamici e compagnia,$c1848. 300 $aXVI, 396 p. ;$c18 cm. 650 4$aItalia - Storia - Origini-1814.$0(OLS)http://semarc/subject/46884 850 $aSeMil 852 $aSeMil$W1$xVenegono$y1$m3U II 14 FA$j205061$B205061$CSeMilBibl$Z2$F218583 $8I 996 $6245$aDella storia d'Italia dalle origini fino all'anno 1814 :$bsommario$9(OLS)http://semarc/title/411098 996 $6260$aLosanna :$bS. Bonamici e compagnia$9(OLS)http://semarc/publisher/37985 LEADER 01282nam a2200301 i 4500 001 000000221745 003 CaOOAMICUS 005 20250610110120.0 008 130806s1998 it u000 u ita u 013 $a200642 020 $a88-220-6211-6 040 $aSeMil$bita 100 1 $aTundo, Laura.$0(OLS)http://semarc/name/77554 245 10$aKant :$butopia e senso della storia : progresso, cosmopoli, pace /$cLaura Tundo. 260 $aBari :$bDedalo,$c1998. 300 $a217 p. ;$c21 cm. 490 0 $aNuova biblioteca Dedalo ;$v211 600 14$aKant, Immanuel <1724-1804>.$0(OLS)http://semarc/subject/7657 650 4$aUtopia.$0(OLS)http://semarc/subject/2259 650 4$aKant, Immanuel <1724-1804> - Filosofia politica.$0(OLS)http://semarc/subject/13405 830 0$aNuova biblioteca Dedalo ;$v211.$0(OLS)http://semarc/title/12612 850 $aSeMil 852 $aSeMil$W1$xVenegono$y1$m2P VII 47$j172094$B172094$CSeMilBibl$Z2$F182924 $81 961 $aOmaggio: Conti don Ermenegildo 996 $6020$a88-220-6211-6$9(OLS)http://semarc/number/220923 996 $6245$aKant :$butopia e senso della storia : progresso, cosmopoli, pace$9(OLS)http://semarc/title/317896 996 $6260$aBari :$bDedalo$9(OLS)http://semarc/publisher/30763